Представление документа в формате RUSMARC

ПолеНазваниеЗначение
  Тип записи a
  Библиографический уровень m
001 Контрольный номер RU/SLIB/B/208786340
005 Дата корректировки 20201206204402.8
010 Индекс ISBN __
a ISBN 5-699-14067-0
d Цена 160-00
101 Язык документа 0_
a Язык текста rus
200 Заглавие и сведения об ответственности 1_
a Заглавие Полный лекарственный справочник медсестры
f Первые сведения об ответственности [О. А. Борисова, А. Е. Половинко, О. А. Жиглявская]
b Общее обозначение материала Текст
210 Выходные данные __
a Место издания М.
c Издательство ЭКСМО
d Дата издания 2005
215 Физическое описание __
a Объем 992 с.
320 Библиография __
a Библиография Указ. лекар. средств: с. 959
330 Аннотация __
a Аннотация Сведения о современных лекарственных средствах, витаминах и минералах, выпускаемых отечественными и зарубежными фармацевтическими фирмами.
606 Тематические рубрики __
a Основная рубрика Здравоохранение. Медицинские науки
606 Тематические рубрики __
a Основная рубрика Фармакология
610 Ключевые слова __
a Ключевые слова лекарственные средства; медикаменты; лекарственные препараты; витамины; лекарственные формы; медицинские термины
686 Индексы других классификаций __
a Классификационный индекс 52.817я22
702 Вторичная интеллектуальная ответственность _1
a Фамилия Борисова
b Имя О. А.
4 Код отношения Автор
4 Код отношения 070
702 Вторичная интеллектуальная ответственность _1
a Фамилия Половинко
b Имя А. Е.
4 Код отношения Автор
4 Код отношения 070
702 Вторичная интеллектуальная ответственность _1
a Фамилия Жиглявская
b Имя О. А.
4 Код отношения Автор
4 Код отношения 070
801 Источник записи _0
a Страна RU
b Организация Муниципальное бюджетное учреждение культуры "Централизованная библиотечная система" г. Сургут (Центральная городская библиотека им. А. С. Пушкина)
g Правила каталогизации КиК/Елгина
801 Источник записи _1
a Страна RU
b Организация Муниципальное бюджетное учреждение культуры "Централизованная библиотечная система" г. Сургут (Центральная городская библиотека им. А. С. Пушкина)
g Правила каталогизации КиК/Елгина
852 Данные о местонахождении __
j Шифр хранения 52.817я22
c Каталожный индекс 52.81я2
i Авторский знак П 51
901 Тип документа __
t Тип документа m
903 Характеристики (МАРС) __
a Дата передачи 20060404
969 Тип издания __
a Тип издания справочник
990 Данные о заказе (DOS) __
j Количество экземпляров (DOS) 1
t N записи в КСУ для И/У (DOS) 200604